Loading...
| Science - Biology | 1 | 4 | 1 | 1 | 50 | 59 | 87.00 | 2 | 4 |
| Literature - World Literature | 1 | 3 | 0 | 0 | 45 | 64 | 83.00 | 2 | 3 |
| Literature - American Literature | 1 | 2 | 0 | 1 | 35 | 57 | 100.67 | 2 | 2 |
| Literature - European Literature | 0 | 3 | 0 | 0 | 30 | 88 | 109.00 | 0 | 3 |
| Philosophy | 0 | 3 | 0 | 0 | 30 | 101 | 113.33 | 1 | 2 |
| Fine Arts - Visual Fine Arts | 1 | 1 | 0 | 0 | 25 | 65 | 79.00 | 1 | 2 |
| Fine Arts - Other Fine Arts | 1 | 1 | 0 | 0 | 25 | 50 | 80.50 | 1 | 2 |
| Social Science | 0 | 2 | 1 | 0 | 15 | 76 | 80.00 | 2 | 2 |
| History - European History | 1 | 0 | 0 | 0 | 15 | 73 | 73.00 | 0 | 0 |
| Literature - British Literature | 0 | 1 | 0 | 0 | 10 | 75 | 75.00 | 1 | 1 |
| History - World History | 0 | 1 | 0 | 1 | 10 | 128 | 128.00 | 0 | 0 |
| History - Other History | 0 | 1 | 0 | 1 | 10 | 131 | 131.00 | 0 | 0 |
| Pop Culture | 0 | 1 | 0 | 1 | 10 | 139 | 139.00 | 0 | 0 |
| History - American History | 0 | 1 | 0 | 0 | 10 | 99 | 99.00 | 1 | 1 |
| Fine Arts - Auditory Fine Arts | 0 | 1 | 0 | 0 | 10 | 75 | 75.00 | 0 | 1 |